000 00584nam a2200205Ia 4500
005 20250508151300.0
008 008 250505s9999 xx 000 0 eng d
037 _aTextual
040 _aFEDL
_beng
_cFEDL
041 _aeng
_2eng
084 _a371.3, RIT
_qFEDL
100 _aRitter E L
_991174
245 0 _aMethods of teaching in town and rural schools
260 _aNew York, USA
_bThe Dryden Press
_c1943
300 _axiii,492p
650 _aTeaching Technique
700 _a Shepherd L A
_9758770
942 _cTEXL
_h371.3, RIT
999 _c1328821
_d1328821